| 000 | 01725nam a22003017a 4500 | ||
|---|---|---|---|
| 005 | 20090105155939.0 | ||
| 008 | 081223t xxu||||| |||| 00| 0 urd d | ||
| 010 | _aUR-7542 | ||
| 020 |
_c200.00 _a818223381X |
||
| 035 | _aB-283799-803 | ||
| 035 | _aU-6097 | ||
| 040 |
_adpl _bur |
||
| 082 | _a840.8 | ||
| 100 | _aقرۃ العین حیدر | ||
| 245 |
_aداستان طراذ _c قرۃ العین حیدر |
||
| 246 |
_aDastan taraaz _bby Qurrat-ul-ain Hyder |
||
| 260 |
_aدہلی _bایجو کیشنل پبلیشنگ ہاوس _c2008 |
||
| 300 |
_a238 p. _c22 cm. (Hb) |
||
| 650 | _aUrdu literature | ||
| 650 | _aبردو ادب | ||
| 942 |
_2ddc _cUR _h840.8 _mق ر ت |
||
| 999 |
_c20605 _d20605 |
||